<?xml version="1.0" encoding="UTF-8"?>
<record
    xmlns:xsi="http://www.w3.org/2001/XMLSchema-instance"
    xsi:schemaLocation="http://www.loc.gov/MARC21/slim http://www.loc.gov/standards/marcxml/schema/MARC21slim.xsd"
    xmlns="http://www.loc.gov/MARC21/slim">

  <leader>01191nam0a2200289   4500</leader>
  <controlfield tag="001">RU\NLR\BIBL_A\011960873</controlfield>
  <controlfield tag="005">20250128194045.0</controlfield>
  <datafield tag="010" ind1=" " ind2=" ">
    <subfield code="a">978-5-298-03691-7</subfield>
    <subfield code="9">1000</subfield>
  </datafield>
  <datafield tag="021" ind1=" " ind2=" ">
    <subfield code="a">RU</subfield>
    <subfield code="b">&#x41A;&#x41D;-&#x41F;-19-002817</subfield>
    <subfield code="9">&#x41A;&#x41D;-&#x41F;-19-0199</subfield>
  </datafield>
  <datafield tag="035" ind1=" " ind2=" ">
    <subfield code="a">(NLR Aleph) 011960873</subfield>
  </datafield>
  <datafield tag="090" ind1=" " ind2=" ">
    <subfield code="a">13421894</subfield>
    <subfield code="c">13421894</subfield>
  </datafield>
  <datafield tag="100" ind1=" " ind2=" ">
    <subfield code="a">20190315d2018    m  y0rusy50      ca</subfield>
  </datafield>
  <datafield tag="101" ind1="0" ind2=" ">
    <subfield code="a">tat</subfield>
  </datafield>
  <datafield tag="102" ind1=" " ind2=" ">
    <subfield code="a">RU</subfield>
  </datafield>
  <datafield tag="105" ind1=" " ind2=" ">
    <subfield code="a">c   z   000 y</subfield>
  </datafield>
  <datafield tag="200" ind1="1" ind2=" ">
    <subfield code="a">&#x414;&#x4E9;&#x440;&#x435;&#x441;&#x43B;&#x435;&#x43A; &#x438;&#x43A;&#x435;&#x433;&#x4D9; &#x442;&#x4E9;&#x440;&#x43B;&#x4D9;&#x43D;&#x43C;&#x4D9;&#x441;</subfield>
    <subfield code="e">&#x44F;&#x448;&#x4D9;&#x435;&#x448;, &#x4D9;&#x434;&#x4D9;&#x431;&#x438;&#x44F;&#x442; &#x4BB;&#x4D9;&#x43C; &#x441;&#x4D9;&#x43D;&#x433;&#x430;&#x442;&#x44C; &#x442;&#x443;&#x440;&#x44B;&#x43D;&#x434;&#x430; &#x443;&#x439;&#x43B;&#x430;&#x43D;&#x443;&#x43B;&#x430;&#x440;</subfield>
    <subfield code="f">&#x417;&#x438;&#x43D;&#x43D;&#x443;&#x440; &#x41C;&#x430;&#x43D;&#x441;&#x443;&#x440;&#x43E;&#x432;</subfield>
  </datafield>
  <datafield tag="210" ind1=" " ind2=" ">
    <subfield code="a">&#x41A;&#x430;&#x437;&#x430;&#x43D;</subfield>
    <subfield code="c">&#x422;&#x430;&#x442;&#x430;&#x440;. &#x43A;&#x438;&#x442;. &#x43D;&#x4D9;&#x448;&#x440;.</subfield>
    <subfield code="d">2018</subfield>
  </datafield>
  <datafield tag="215" ind1=" " ind2=" ">
    <subfield code="a">325,[2] &#x431;., [1] &#x43B;. &#x43F;&#x43E;&#x440;&#x442;&#x440;.</subfield>
    <subfield code="d">25</subfield>
  </datafield>
  <datafield tag="541" ind1="1" ind2=" ">
    <subfield code="6">z01790</subfield>
    <subfield code="a">&#x41F;&#x440;&#x430;&#x432;&#x434;&#x430; &#x43D;&#x435; &#x43C;&#x43E;&#x436;&#x435;&#x442; &#x431;&#x44B;&#x442;&#x44C; &#x434;&#x432;&#x43E;&#x44F;&#x43A;&#x43E;&#x439;</subfield>
    <subfield code="e">[&#x43F;&#x443;&#x431;&#x43B;&#x438;&#x446;&#x438;&#x441;&#x442;&#x438;&#x43A;&#x430;].</subfield>
    <subfield code="z">rus</subfield>
  </datafield>
  <datafield tag="686" ind1="1" ind2=" ">
    <subfield code="a">&#x428;6(2=&#x422;&#x430;&#x442;)7-49</subfield>
  </datafield>
  <datafield tag="686" ind1="1" ind2=" ">
    <subfield code="a">&#x428;5(2=&#x422;&#x430;&#x442;)-3</subfield>
  </datafield>
  <datafield tag="700" ind1=" " ind2="1">
    <subfield code="a">&#x41C;&#x430;&#x43D;&#x441;&#x443;&#x440;&#x43E;&#x432;</subfield>
    <subfield code="b">&#x417;. &#x41C;.</subfield>
    <subfield code="f">1949-</subfield>
    <subfield code="g">&#x417;&#x438;&#x43D;&#x43D;&#x443;&#x440; &#x41C;&#x4E9;&#x497;&#x438;&#x43F; &#x443;&#x43B;&#x44B;</subfield>
    <subfield code="3">RU\NLR\AUTH\770236818</subfield>
    <subfield code="4">070</subfield>
  </datafield>
  <datafield tag="790" ind1=" " ind2="1">
    <subfield code="6">z01541</subfield>
    <subfield code="a">&#x41C;&#x430;&#x43D;&#x441;&#x443;&#x440;&#x43E;&#x432;</subfield>
    <subfield code="b">&#x417;. &#x41C;.</subfield>
    <subfield code="f">1949-</subfield>
    <subfield code="g">&#x417;&#x438;&#x43D;&#x43D;&#x443;&#x440; &#x41C;&#x443;&#x437;&#x438;&#x43F;&#x43E;&#x432;&#x438;&#x447;</subfield>
    <subfield code="3">RU\NLR\AUTH\770236817</subfield>
    <subfield code="4">070</subfield>
  </datafield>
  <datafield tag="852" ind1=" " ind2=" ">
    <subfield code="a">NLR</subfield>
    <subfield code="b">&#x41E;&#x41D;&#x41B;</subfield>
    <subfield code="j">&#x422;&#x430;&#x442;&#x430;&#x440;./4-1705</subfield>
  </datafield>
  <datafield tag="942" ind1=" " ind2=" ">
    <subfield code="c">BOOK</subfield>
  </datafield>
  <datafield tag="980" ind1=" " ind2=" ">
    <subfield code="a">NB</subfield>
  </datafield>
  <datafield tag="995" ind1=" " ind2=" ">
    <subfield code="5">2019-03-15</subfield>
    <subfield code="a">ad</subfield>
    <subfield code="b">NLR01</subfield>
    <subfield code="c">NLR01</subfield>
    <subfield code="e">ONL</subfield>
    <subfield code="f">1-2410498</subfield>
    <subfield code="k">&#x41E;&#x41D;&#x41B; &#x422;&#x430;&#x442;&#x430;&#x440;./4-1705</subfield>
    <subfield code="o">0</subfield>
    <subfield code="r">BOOK</subfield>
    <subfield code="s">_41705</subfield>
  </datafield>
</record>
